00923nam a2200253 a 450000100100000000500170001000800410002702000150006802000150008304000250009808200150012324500570013825000110019526000460020630000170025249000380026950400300030770000400033783000450037704900090042295201080043195201130053999900170065200002274220200930021753.0101117s1982 mx r 000 | spa d a9682300096 a9682307643 aDO-SdBNPbspacBNPHU axxxxbA83200aAsia contemporánea /ccompilado por Lucien Bianco. a3a ed. aMéxico D. F. :bSiglo Veintiuno,c1982. av. ;c18 cm.1 aHistoria universal, siglo XXIv33 aBibliografía: p.315-3331 aLucien Bianco,d1930-ecomp.946729 0aHistoria universal, siglo XXIv33946730 aBNGR 001050718MOaGRbGRcCTd2010-11-17iLF1l0ov.33p22742-10r2020-06-25w2020-06-25y1ZNo se presta 001050718MOaGRbGRcCTd2010-11-17iLF1l0ov.33, e.2p22742-20r2020-06-25w2020-06-25y1ZNo se presta c22239d22239